[Event "EYb14"]
[Site "Budva YUG"]
[Date "2003.09.14"]
[Round "2"]
[White "Sharafiev,A"]
[Black "Jurcik,Mart"]
[Result "0-1"]
[WhiteElo "2258"]
[BlackElo "2101"]

1.e4 c5 2.Nc3 Nc6 3.Nge2 g6 4.d4 cxd4 5.Nxd4 Bg7 6.Be3 d6 7.Qd2 Nf6 8.Nxc6 bxc6
9.O-O-O Qa5 10.Bh6 O-O 11.Bxg7 Kxg7 12.Bc4 Ba6 13.Bxa6 Qxa6 14.f3 Rab8 15.g4 Rb7
16.h4 Rfb8 17.b3 Qa3+ 18.Kb1 a5 19.Ka1 h5 20.gxh5 Nxh5 21.Rhg1 Qb4 22.Kb2 a4
23.a3 Qc4 24.b4 Rxb4+ 25.Kc1 R4b7 26.Qd4+ Qxd4 27.Rxd4 Ra7 28.Rc4 Ra6 29.Rd1 Nf4
30.Nxa4 Rba8 31.Nc3 Rxa3 32.Rxc6 Rxc3 33.Rxc3 Ne2+ 34.Kd2 Nxc3 35.Kxc3 Ra3+
36.Kd4 Rxf3 37.Rh1 f5 38.e5 Rf4+ 39.Kd5 dxe5 40.Kxe5 Re4+ 41.Kd5 Kf6 42.c4 e6+
43.Kc5 f4 44.Rf1 Kf5 45.Kb5 Re2 46.c5 Rc2 47.c6 e5 48.Kb6 e4 49.c7 e3 50.Rd1 Rxc7
51.Kxc7 e2 52.Rd5+ Ke4 53.Rd6 Kf3 54.Rxg6 e1=Q 55.h5 Qa5+ 56.Kd7 Qxh5  0-1

[Event "EYg18"]
[Site "Budva YUG"]
[Date "2003.09.16"]
[Round "4"]
[White "Valickova,M"]
[Black "Haecker,S"]
[Result "1/2-1/2"]
[WhiteElo "2046"]
[BlackElo "1985"]

1.e4 c5 2.Nf3 Nc6 3.Nc3 d6 4.d4 cxd4 5.Nxd4 Nf6 6.Bg5 e6 7.Qd2 Be7 8.O-O-O O-O
9.f4 Nxd4 10.Qxd4 Qa5 11.Kb1 Rd8 12.h4 Bd7 13.Qd2 h6 14.Bd3 Rac8 15.Bxf6 Bxf6
16.Nd5 Qxd2 17.Nxf6+ gxf6 18.Rxd2 Bc6 19.Rhd1 Kf8 20.c3 Ke7 21.g4 Rg8 22.Rg1 Rg7
23.g5 Rcg8 24.Rdg2 Kf8 25.Kc1 fxg5 26.fxg5 f6 27.Rf2 hxg5 28.Rxf6+ Ke7 29.hxg5 Rxg5
30.Rxg5 Rxg5 31.Rf4 e5 32.Rf2 Rg4 33.Re2 Kf6 34.Kd2 Kg5 35.Bc2 Rg3 36.Rf2 Rg4
37.Ke3 Rf4 38.Rg2+ Rg4 39.Rxg4+ Kxg4 40.Bd3 Kg3  1/2-1/2

[Event "Osen I"]
[Site "Alushta UKR"]
[Date "2003.09.17"]
[Round "4"]
[White "Onoprienko,V"]
[Black "Kononenko,Dmitry1"]
[Result "1-0"]
[WhiteElo "2403"]
[BlackElo "2449"]

1.e4 c5 2.Nc3 Nc6 3.Bb5 Nd4 4.Bc4 g6 5.Nf3 Bg7 6.Nxd4 cxd4 7.Qf3 e6 8.Nb5 Be5
9.c3 dxc3 10.d4 a6 11.dxe5 axb5 12.Bb3 Ne7 13.bxc3 Nc6 14.O-O Nxe5 15.Qg3 Nc4
16.Bh6 b6 17.Rad1 Bb7 18.Rfe1 f6 19.e5 f5 20.Bg7 Rg8 21.Bf6 Qc8 22.Qg5 Qc6
23.f3 Qc5+ 24.Rd4 Rf8 25.Kh1 d5 26.exd6 Kd7 27.a4 Bd5 28.axb5 Qxb5 29.Bxc4 Bxc4
30.Qh4 Bd5 31.Qxh7+ Kxd6 32.Be5+  1-0

[Event "EYb18"]
[Site "Budva YUG"]
[Date "2003.09.17"]
[Round "5"]
[White "Bartel,Mat"]
[Black "Wojtaszek,R"]
[Result "1-0"]
[WhiteElo "2453"]
[BlackElo "2462"]

1.e4 c5 2.Ne2 Nc6 3.Nbc3 d6 4.d4 cxd4 5.Nxd4 Nf6 6.Bc4 e6 7.Be3 a6 8.Qe2 Be7
9.O-O-O Qc7 10.Bb3 O-O 11.g4 Nd7 12.g5 Nc5 13.Rhg1 Bd7 14.Kb1 Rfc8 15.h4 Nxb3
16.axb3 b5 17.g6 fxg6 18.h5 Nxd4 19.Bxd4 b4 20.hxg6 h6 21.Na4 e5 22.Be3 Rab8
23.Rd2 Bf8 24.Qd3 Kh8 25.f3 Rb5 26.Rdg2 Bh3 27.Rh2 Be6 28.Qd2 Rb7 29.Bxh6 gxh6
30.g7+ Bxg7 31.Rxh6+ Bxh6 32.Qxh6+ Qh7 33.Qxe6 Rg8 34.Rxg8+ Qxg8 35.Qxd6 Qg1+
36.Ka2 Qd4 37.Qxa6 Ra7 38.Qe2 Kg8 39.Qe1 Rf7 40.c3 bxc3 41.bxc3 Qd6 42.Qe2 Rg7
43.b4 Rg1 44.Nb2 Rc1 45.Kb3 Rb1 46.Kc2 Ra1 47.Qd3 Qh6 48.Kb3 Qf6 49.b5 Qb6
50.Na4 Qa5 51.Qc4+ Kh7 52.b6 Rb1+ 53.Kc2 Rb5 54.Kd3 Kg6 55.Ke3 Kg5 56.Kf2 Rxb6
57.Nxb6 Qxb6+ 58.Kg2 Qe3 59.Qg8+ Kf6 60.Qf8+  1-0

[Event "EYg18"]
[Site "Budva YUG"]
[Date "2003.09.19"]
[Round "6"]
[White "Valickova,M"]
[Black "Gregorova,Z"]
[Result "0-1"]
[WhiteElo "2046"]
[BlackElo "2198"]

1.e4 c5 2.Nf3 Nc6 3.Nc3 g6 4.d4 cxd4 5.Nxd4 Bg7 6.Be3 Nf6 7.Be2 O-O 8.O-O d5
9.exd5 Nb4 10.d6 Qxd6 11.Ndb5 Qb8 12.Bc5 Nc6 13.Bf3 Re8 14.Re1 a6 15.Na3 Qc7
16.Bxc6 bxc6 17.Qf3 Ng4 18.g3 Ne5 19.Qe4 Bf5 20.Qe3 Bg4 21.Rec1 Bf3 22.Bd4 Bg4
23.Bc5 Rab8 24.Rab1 Be6 25.b3 Ng4 26.Qe1 Red8 27.Ne4 Bd5 28.c4 Ne5 29.Qe3 Bxe4
30.Qxe4 Nd3 31.Bxe7 Nxc1 32.Bxd8 Qxd8 33.Nc2 Nxa2 34.Qxc6 Nc3 35.Re1 Qd2
36.Qc7 Rf8 37.Qe7 Qxc2  0-1

[Event "EYg18"]
[Site "Budva YUG"]
[Date "2003.09.19"]
[Round "6"]
[White "Costantini,L"]
[Black "Papadopoulou,V"]
[Result "1/2-1/2"]
[WhiteElo "2075"]
[BlackElo "2211"]

1.e4 c5 2.Nc3 Nc6 3.Bb5 g6 4.Bxc6 bxc6 5.d3 Bg7 6.Be3 Rb8 7.Qc1 Qb6 8.Nge2 Qxb2
9.Qxb2 Rxb2 10.O-O-O Rb7 11.Bxc5 d6 12.Be3 f5 13.Kd2 fxe4 14.Nxe4 c5 15.Rb1 Kd7
16.N2c3 Nh6 17.f3 Nf5 18.Bf2 Kc6 19.Rxb7 Bxb7 20.Re1 e5 21.Rb1 Ba6 22.Ne2 Bh6+
23.Ke1 Nd4 24.Nxd4+ cxd4 25.Bh4 Kd7 26.Bg5 Bxg5 27.Nxg5 h6 28.Ne4 Rc8 29.Kd2 Ke6
30.Rb3 g5 31.Kd1 Rc6 32.Rb8 Bc8 33.Nd2 Kd7 34.Nc4 Kc7 35.Rb3 Be6 36.Ra3 a6
37.Kd2 h5 38.Na5 Rb6 39.Kc1 Kd8 40.Ra4 Ke7 41.Nc4 Rc6 42.Na5 Rc7 43.Nb3 Bc8
44.Rb4 Ke6 45.Rb6 Kd5 46.Kd2 g4 47.fxg4 hxg4 48.h3 g3 49.Rb8 Ke6 50.Nc1 Kd7
51.Ne2 Kd8 52.Rb6 Rd7 53.Nxg3 Kc7 54.Rb1 Rg7 55.Ne2 Rxg2 56.Rh1 d5 57.Ke1 Rg6
58.h4 Kd6 59.h5 Rh6 60.Ng3 Ke6 61.Rf1 e4 62.dxe4 dxe4 63.Nxe4 Rxh5 64.Rf8 Bd7
65.Kd2 Ra5 66.Rb8 Bc6 67.Kd3 Ra3+ 68.Kxd4 Ra4+ 69.c4 Bxe4 70.Kxe4 Rxc4+ 71.Kd3 Ra4
72.Rb2 Kd5 73.Kc3 Kc5 74.Rh2 Ra3+ 75.Kb2 Rg3  1/2-1/2

[Event "TCh-FIN 2003-4"]
[Site "Finland FIN"]
[Date "2003.09.20"]
[Round "1"]
[White "Nouro,M"]
[Black "Keskisarja,T"]
[Result "1/2-1/2"]
[WhiteElo "2347"]
[BlackElo "2286"]

1.e4 c5 2.Nf3 Nc6 3.Nc3 g6 4.d4 cxd4 5.Nxd4 Bg7 6.Be3 Nf6 7.Bc4 O-O 8.Bb3 a5
9.O-O d6 10.f3 Bd7 11.Ndb5 Ne5 12.Qe2 Bxb5 13.Qxb5 Qd7 14.a4 Rfc8 15.Rfd1 Qxb5
16.axb5 Nc4 17.Bxc4  1/2-1/2

[Event "Saipa Cup"]
[Site "Tehran IRI"]
[Date "2003.09.21"]
[Round "9"]
[White "Roghani,A"]
[Black "Mohajerin,P"]
[Result "1/2-1/2"]
[WhiteElo "2301"]
[BlackElo "2270"]

1.e4 c5 2.Nc3 Nc6 3.Nf3 e6 4.Bb5 Nge7 5.O-O a6 6.Bxc6 Nxc6 7.d4 cxd4 8.Nxd4 Qc7
9.Re1 Nxd4 10.Qxd4 Qc5 11.Qd3  1/2-1/2

[Event "CXIII ch-ARM"]
[Site "Yerevan ARM"]
[Date "2003.09.24"]
[Round "9"]
[White "Petrosian,TL"]
[Black "Minasian,Art"]
[Result "0-1"]
[WhiteElo "2444"]
[BlackElo "2571"]

1.e4 c5 2.Nc3 Nc6 3.Bb5 Nd4 4.Ba4 Qa5 5.Nge2 e6 6.a3 b5 7.b4 cxb4 8.Nxd4 bxc3
9.Bxb5 Nf6 10.Qe2 a6 11.Bd3 e5 12.Nb3 Qc7 13.dxc3 Qxc3+ 14.Bd2 Qc7 15.O-O d6
16.f4 Be7 17.f5 g6 18.fxg6 hxg6 19.h3 Be6 20.Be3 Qc8 21.Rf3 Nh7 22.Raf1 Bh4
23.Qd2 Qd8 24.Qa5 O-O 25.Qxd8 Rfxd8 26.Na5 Rdc8 27.Rb1 Rc3 28.Nb7 Ng5 29.Rff1 Nxe4
30.Rb6 d5 31.Bc1 Bg5 32.Bxg5 Nxg5 33.Bxg6 Nxh3+ 34.gxh3 Rg3+ 35.Kh2 Rxg6
36.Nc5 Rc8 37.Nxe6 Rxc2+ 38.Kh1 Rxe6 39.Rb7 Rh6 40.Rfxf7 Rxh3+ 41.Kg1 Rg3+
42.Kh1 Rc6 43.Kh2 Rg5 44.Rh7 Rcg6  0-1

[Event "Osen I"]
[Site "Alushta UKR"]
[Date "2003.09.25"]
[Round "13"]
[White "Onoprienko,V"]
[Black "Zavgorodniy,S"]
[Result "0-1"]
[WhiteElo "2403"]
[BlackElo "2409"]

1.e4 c5 2.Nc3 Nc6 3.Nf3 g6 4.Bb5 Bg7 5.O-O Nf6 6.Bxc6 dxc6 7.d3 O-O 8.h3 Nd7
9.Be3 e5 10.Qd2 Qe7 11.Rae1 Rd8 12.Nh2 Nf8 13.f4 exf4 14.Bxf4 c4 15.Kh1 cxd3
16.cxd3 Ne6 17.Bh6 Bxh6 18.Qxh6 Nd4 19.Nf3 Nxf3 20.Rxf3 Qe5 21.Nd1 Be6 22.b3 a5
23.Nf2 a4 24.Rf1 axb3 25.axb3 Ra1 26.Rxa1 Qxa1+ 27.Kh2 Qe5+ 28.g3 Ra8 29.Qe3 c5
30.Ng4 Bxg4 31.hxg4 Ra1 32.Rf2 Rb1 33.Qf3 Qg7 34.g5 h6 35.Qg4 hxg5 36.Kg2 Qh6
37.Rf1 Rb2+ 38.Rf2 Rb1 39.Rf1 Rxf1 40.Kxf1 Kg7 41.Qc8 Qh1+ 42.Kf2 Qh2+ 43.Kf3 Qc2
44.Qxb7 Qxd3+ 45.Kg4 Kh6 46.Kh3 Qe2 47.Qe7 Kh5 48.g4+ Qxg4+ 49.Kh2 Qe2+ 50.Kg1 Qe3+
51.Kh2 Qd2+ 52.Kg1 Qd1+ 53.Kh2 Qc2+ 54.Kg1 Qxb3  0-1

[Event "ch-IRI"]
[Site "Mashad IRI"]
[Date "2003.09.27"]
[Round "5"]
[White "Darban,M"]
[Black "Vahidi,M"]
[Result "1-0"]
[WhiteElo "2341"]
[BlackElo "2245"]

1.e4 c5 2.Nc3 Nc6 3.Nf3 g6 4.d4 cxd4 5.Nxd4 Bg7 6.Nb3 Nf6 7.Be2 O-O 8.O-O d6
9.Re1 Be6 10.Bf1 Rc8 11.Nd5 a5 12.Bb5 Ne5 13.a4 Nc4 14.Re2 Ne5 15.f3 Nc4
16.c3 Nd7 17.Bg5 f6 18.Bh4 Nde5 19.Nd4 Bf7 20.Nf4 d5 21.Nxd5 Bxd5 22.exd5 Qxd5
23.f4 Rfd8 24.fxe5 g5 25.exf6 Bxf6 26.Bg3 Nxb2 27.Rxb2 Rxc3 28.Rd2 Bxd4+
29.Rxd4  1-0

[Event "7th Itau Cup"]
[Site "Sao Paulo BRA"]
[Date "2003.09.28"]
[Round "2"]
[White "Gomez Baillo,J"]
[Black "Diamant,A"]
[Result "0-1"]
[WhiteElo "2429"]
[BlackElo "2149"]

1.e4 c5 2.Nf3 Nc6 3.Nc3 g6 4.Bb5 Bg7 5.Bxc6 dxc6 6.d3 Nf6 7.h3 O-O 8.Be3 b6
9.Qd2 e5 10.Bh6 Qd6 11.g4 a5 12.Nh4 b5 13.Rg1 c4 14.Rd1 cxd3 15.cxd3 Ra7
16.Ne2 Qb4 17.Bxg7 Kxg7 18.a3 Qxd2+ 19.Kxd2 Rd8 20.Ke3 Rad7 21.Nf3 Re7 22.Rc1 Rd6
23.b4 a4 24.Rc3 Nd7 25.Rgc1 Bb7 26.Nh4 f6 27.f4 exf4+ 28.Nxf4 Ne5 29.Nf3 Nd7
30.Nd4 Ne5 31.Nf3 Nd7 32.Kf2 Kf7 33.h4 Kg7 34.g5 Rf7 35.Kg3 h6 36.Rg1 Bc8
37.gxh6+ Kxh6 38.Kf2 g5 39.hxg5+ fxg5 40.Rh1+ Kg7 41.Nh5+ Kf8 42.Kg3 Rg6
43.Kg2 g4 44.Nd4 Ne5 45.Ng3 Kg8 46.Ndf5 Bxf5 47.Nxf5 Rd7 48.Rd1 Rf6 49.Kg3 Kf7
50.Kf4 Ke6 51.Rd2 Nc4 52.Rh2 Ne5 53.Rd2 Nc4 54.Rg2 Ne5 55.d4 Rxd4 56.Rc5 Rxf5+  0-1

[Event "2nd League TCh-SCG"]
[Site "Belgrade SCG"]
[Date "2003.09.29"]
[Round "3"]
[White "Gosic,B"]
[Black "Ivanovic,N"]
[Result "1/2-1/2"]
[WhiteElo "2310"]
[BlackElo "2271"]

1.e4 c5 2.Nf3 Nc6 3.Nc3 e5 4.Bc4 Be7 5.d3 d6 6.Ng5 Nh6 7.Qh5 O-O 8.h3 Nd4
9.Kd1 Be6 10.Bd5 Rb8 11.f4 exf4 12.Bxf4 b5 13.Nf3 b4 14.Ne2 Nxe2 15.Kxe2 Kh8
16.Rhf1 Ng8 17.Bxe6 fxe6 18.Qg4 e5 19.Be3 Nf6 20.Qe6 Nh5 21.Kd2 Nf4 22.Bxf4 exf4
23.Rae1 Bf6 24.Kc1 Re8 25.Qd5 a5 26.d4 cxd4 27.Nxd4 Qb6 28.Ne6 a4 29.Nxf4 b3
30.cxb3 axb3 31.axb3 Rec8+ 32.Kb1 Rc5 33.Qf7 d5 34.exd5  1/2-1/2

[Event "ECC"]
[Site "Rethymnon GRE"]
[Date "2003.09.29"]
[Round "2"]
[White "Salmensuu,O"]
[Black "Paramonov,D"]
[Result "1-0"]
[WhiteElo "2410"]
[BlackElo "2354"]

1.e4 c5 2.Nc3 Nc6 3.Bb5 Nd4 4.Bc4 g6 5.Nge2 Bg7 6.O-O d6 7.Nxd4 cxd4 8.Qf3 Nh6
9.Ne2 O-O 10.h3 e6 11.d3 Qb6 12.a4 f5 13.a5 Qc5 14.b4 Qc7 15.Nxd4 fxe4 16.Bxe6+ Bxe6
17.Nxe6 Qc8 18.Qxe4 Re8 19.Bxh6 Bxa1 20.Rd1 Qxe6 21.Qxb7 Qe5 22.c3 a6 23.Rc1 Reb8
24.Qf3 Ra7 25.Be3 Rc7 26.Bb6 Rf7 27.Qc6 d5 28.Bd4 Qf5 29.Qxa6 Re8 30.Rf1 Qg5
31.Qc6 Re2 32.a6  1-0

[Event "7th Itau Cup"]
[Site "Sao Paulo BRA"]
[Date "2003.09.29"]
[Round "3"]
[White "Zambrana,O"]
[Black "Olivencia,F"]
[Result "1-0"]
[WhiteElo "2404"]
[BlackElo "2223"]

1.e4 c5 2.Nf3 Nc6 3.Nc3 d6 4.d4 cxd4 5.Nxd4 Nf6 6.Bc4 e6 7.Be3 Be7 8.Qe2 a6
9.O-O-O Qc7 10.Bb3 O-O 11.g4 Nxd4 12.Rxd4 b5 13.g5 Nd7 14.Rg1 Re8 15.Qh5 Nf8
16.f4 b4 17.Rxb4 d5 18.Rd4 Bc5 19.Rf1 Bxd4 20.Bxd4 Bb7 21.exd5 exd5 22.f5 Re5
23.Bxe5 Qxe5 24.Qe2 Re8 25.Qxe5 Rxe5 26.Kd2 g6 27.Kd3 gxf5 28.Kd4 Nd7 29.Ba4 Re7
30.Bxd7 Rxd7 31.Rxf5  1-0

[Event "Tatry Open"]
[Site "Tatranske Zruby SVK"]
[Date "2003.09.29"]
[Round "3"]
[White "Krajnak,Ju"]
[Black "Furman,B"]
[Result "1/2-1/2"]
[WhiteElo "2203"]
[BlackElo "2312"]

1.e4 c5 2.Nf3 Nc6 3.Nc3 d6 4.d4 cxd4 5.Nxd4 Nf6 6.Be2 e5 7.Nf3 h6 8.h3 Be7
9.O-O O-O 10.Re1 Be6 11.Bf1 Nb8 12.Be3 a6 13.Nd5 Nxd5 14.exd5 Bc8 15.c4 Nd7
16.b4 b6 17.Qb3 Kh8 18.Rad1 Qc7 19.c5 bxc5 20.bxc5 Nxc5 21.Rc1 Rb8 22.Qd1  1/2-1/2

[Event "Tatry Open"]
[Site "Tatranske Zruby SVK"]
[Date "2003.09.29"]
[Round "4"]
[White "Mrva,Mart"]
[Black "Daels,M"]
[Result "1-0"]
[WhiteElo "2470"]
[BlackElo "2196"]

1.e4 c5 2.Nf3 Nc6 3.Nc3 Nf6 4.Bb5 e5 5.Bxc6 dxc6 6.Nxe5 Nxe4 7.Nxe4 Qd4 8.Qe2 Qxe5
9.f4 Qe6 10.f5 Qe5 11.O-O Bd7 12.d4 Qxd4+ 13.Nf2+ Be7 14.Bg5 f6 15.Rfe1 O-O-O
16.Rad1 Qxb2 17.Bc1 Qc3 18.Qxe7 Rhe8 19.Qxd7+ Rxd7 20.Rxe8+ Kc7 21.Bf4+ Kb6
22.Rxd7 Qxc2 23.Rb8  1-0

[Event "Tatry Open"]
[Site "Tatranske Zruby SVK"]
[Date "2003.09.29"]
[Round "4"]
[White "Forman,S"]
[Black "Balko,D"]
[Result "1-0"]
[WhiteElo "2252"]
[BlackElo "2089"]

1.e4 c5 2.Nf3 Nc6 3.Nc3 g6 4.d4 cxd4 5.Nxd4 Bg7 6.Be3 e6 7.Ndb5 Nge7 8.Bf4 e5
9.Nd6+ Kf8 10.Be3 Nd4 11.Bc4 a6 12.Nxf7 Qc7 13.Bxd4 Qxc4 14.Nxe5 Bxe5 15.Bxe5 Rg8
16.Qd6 Ke8 17.O-O-O Qc6 18.Qd4 b5 19.Bd6 Qc4 20.Qxc4 bxc4 21.Bxe7 Kxe7 22.Nd5+ Kd8
23.Rd4 Bb7 24.Nb6  1-0

[Event "2nd League TCh-SCG"]
[Site "Belgrade SCG"]
[Date "2003.09.30"]
[Round "4"]
[White "Velickovic,Sa"]
[Black "Ninov,N"]
[Result "0-1"]
[WhiteElo "2399"]
[BlackElo "2453"]

1.e4 c5 2.Nc3 Nc6 3.Nge2 g6 4.g3 Bg7 5.Bg2 d6 6.d3 Rb8 7.a4 a6 8.O-O Nf6
9.h3 e5 10.f4 exf4 11.Nxf4 O-O 12.Be3 b5 13.axb5 axb5 14.Qd2 b4 15.Nd1 Nd4
16.Rb1 Nd7 17.Kh1 Ne5 18.Ne2 Nxe2 19.Qxe2 Ra8 20.c3 Qb6 21.cxb4 Qxb4 22.Nc3 Ba6
23.Nd5 Qb3 24.Qd1 Qxd1 25.Rfxd1 Bxd3 26.Rbc1 Rfb8 27.Bf4 c4 28.b4 Ra2 29.Re1 Rba8
30.b5 Rb2 31.Nc3 Rb3 32.Be3 Nf3 33.Bxf3 Bxc3 34.e5 Rb8 35.Rxc3 Rxc3 36.exd6 Bf5
37.Ba7 Rd8 38.Bc6 Rxd6 39.Bc5 Rd8 40.b6 Rb3 41.b7 c3 42.Ba7 c2  0-1

[Event "ch-IRI"]
[Site "Mashad IRI"]
[Date "2003.09.30"]
[Round "9"]
[White "Darban,M"]
[Black "Ghorbani,M"]
[Result "0-1"]
[WhiteElo "2341"]
[BlackElo "2353"]

1.e4 c5 2.Nf3 Nc6 3.Nc3 e6 4.Bb5 Nge7 5.O-O d6 6.d4 cxd4 7.Nxd4 a6 8.Be2 Nxd4
9.Qxd4 Nc6 10.Qd2 Be7 11.b3 O-O 12.Bb2 b5 13.Rad1 Bb7 14.a4 b4 15.Nb1 Qb6
16.Qf4 Qc5 17.Qg3 Ne5 18.Bd3 Rfd8 19.Nd2 Ng6 20.Nf3 Rac8 21.Bd4 Qh5 22.Rfe1 Bf8
23.h3 d5 24.e5 Be7 25.Qh2 Bc5 26.Bb2 Nh4 27.Nd4 Qg5 28.f4 Qh6 29.Kh1 g6 30.Qg3 Kh8
31.Qf2 Nf5 32.Nxf5 gxf5 33.Bd4 Be7 34.Kh2 Rg8 35.g3 Qh5 36.Qe2 Qh6 37.Rg1 Rg6
38.Rg2 Rcg8 39.Qf3 Qxh3+  0-1

[Event "ECC"]
[Site "Rethymnon GRE"]
[Date "2003.09.30"]
[Round "3"]
[White "Joachim,S"]
[Black "Ekeberg,C"]
[Result "1/2-1/2"]
[WhiteElo "2438"]
[BlackElo "2226"]

1.e4 c5 2.Nf3 Nc6 3.Nc3 Nf6 4.Bb5 Nd4 5.e5 Nxb5 6.Nxb5 Ng8 7.d4 a6 8.Nc3 d5
9.dxc5 e6 10.Be3 Bd7 11.Qd2 Qc7 12.O-O Bxc5 13.Bxc5 Qxc5 14.Qg5 g6 15.Rfd1 Qb4
16.Rab1 Rc8 17.Nd4 Qe7 18.Qe3 h5 19.b4 Nh6 20.b5 axb5 21.Ncxb5 Bxb5 22.Rxb5 Ng4
23.Qg3 O-O 24.h3 Nh6 25.Rdb1 Rc7 26.R1b4 Rfc8 27.a4 Rc4 28.Rxb7 Qxb4 29.Rxb4 Rxb4
30.Qd3 Kg7 31.a5 Rcc4 32.c3 Ra4 33.Qe3 Rxa5 34.Qg5 Ng8 35.f4 Ra1+ 36.Kh2 Rf1
37.f5 exf5 38.Qd8 Rxc3 39.e6 Re1 40.Qd7 Nh6 41.exf7 Nxf7 42.Ne6+ Rxe6 43.Qxe6 d4
44.Qd5 Rd3 45.Qc4 Rd1 46.Qa4  1/2-1/2

[Event "ECC Women"]
[Site "Rethymnon GRE"]
[Date "2003.09.30"]
[Round "3"]
[White "Zimina,O"]
[Black "Shumiakina,T"]
[Result "1-0"]
[WhiteElo "2367"]
[BlackElo "2355"]

1.e4 c5 2.Nf3 Nc6 3.Nc3 e5 4.Bc4 Be7 5.d3 Nf6 6.Ng5 O-O 7.f4 d5 8.exd5 Na5
9.fxe5 b5 10.Nxb5 Nxd5 11.O-O Bxg5 12.Bxg5 Qxg5 13.Bxd5 Rb8 14.Nd6 Qxe5 15.Bxf7+ Kh8
16.Nxc8 Rfxc8 17.Qd2 Nc6 18.c3 Rd8 19.Rae1 Qc7 20.Qe2 Qb6 21.Qh5 Rf8 22.Rf3 Qc7
23.Qxh7+  1-0

[Event "ECC"]
[Site "Rethymnon GRE"]
[Date "2003.10.01"]
[Round "4"]
[White "Landa,K"]
[Black "Kuzubov,Y"]
[Result "1/2-1/2"]
[WhiteElo "2614"]
[BlackElo "2400"]

1.e4 c5 2.Nf3 Nc6 3.Nc3 g6 4.d4 cxd4 5.Nxd4 Bg7 6.Be3 Nf6 7.Bc4 O-O 8.Bb3 a5
9.f3 d5 10.Bxd5 Nxd5 11.Nxd5 f5 12.Nxc6 bxc6 13.Nb6 Rb8 14.Qxd8 Rxd8 15.Rd1 Rxd1+
16.Kxd1 fxe4 17.Nxc8 Rxc8 18.b3 exf3 19.gxf3 a4 20.Ke2 Ra8 21.b4 Kf7 22.c4 Rb8
23.Rb1 Be5 24.h3 Ke6 25.Kd3 Bd6 26.c5 Bc7 27.Ke4 Be5 28.a3 Bf6 29.Rd1 Rb7
30.Bc1 Rb8 31.Bf4 Rb7 32.Bc1 Rb8 33.Rd3 Bg7 34.Be3 Rf8 35.Bd4 Bxd4 36.Rxd4 h6
37.h4 g5 38.h5 Rg8 39.Ke3 Rf8 40.Rd2 Rg8 41.Kf2 Rf8 42.Kg3 Rg8 43.Rd3 Rf8
44.Rd4 Rb8 45.Kg4 Rg8 46.Rd3 Rf8 47.Kg3 Rg8 48.Kf2 Rf8 49.Rd4 Rg8 50.Re4+ Kf6
51.Ke3 Rb8 52.Rg4 Kf5 53.Kd3 Kf6 54.Rd4 Ke6 55.Re4+ Kd7 56.Ke3 Rf8 57.Ke2 Rf5
58.Ke3 Rf8 59.Ke2 Rf5 60.Rd4+ Kc7 61.Ke3 Kc8 62.Kf2  1/2-1/2

[Event "Tatry Open"]
[Site "Tatranske Zruby SVK"]
[Date "2003.10.01"]
[Round "6"]
[White "Sikora,J"]
[Black "Pinter,E"]
[Result "0-1"]
[WhiteElo "2224"]
[BlackElo "2411"]

1.e4 c5 2.Nc3 Nc6 3.Nf3 d6 4.d4 cxd4 5.Nxd4 Nf6 6.f3 g6 7.Be3 Bg7 8.Qd2 O-O
9.g4 Be6 10.O-O-O Nxd4 11.Bxd4 Qa5 12.a3 Rab8 13.h4 b5 14.Nd5 Qxd2+ 15.Rxd2 Bxd5
16.exd5 a5 17.b4 Rfc8 18.bxa5 Nd7 19.Bxg7 Kxg7 20.g5 Nc5 21.Kd1 h5 22.gxh6+ Kxh6
23.Bd3 Ra8 24.f4 Nxd3 25.Rxd3 Rc4 26.h5 gxh5 27.f5 Rf4 28.Re1 Ra7 29.Rb3 Rd4+
30.Rd3 Rxd3+ 31.cxd3 Kg5 32.Kc2 Kf6 33.Kb3 Rxa5 34.Rh1 Ra4 35.Rxh5 Rd4  0-1

[Event "ECC Women"]
[Site "Rethymnon GRE"]
[Date "2003.10.02"]
[Round "5"]
[White "Stjazhkina,O"]
[Black "Dotan,V"]
[Result "1-0"]
[WhiteElo "2359"]
[BlackElo "2029"]

1.e4 c5 2.Nc3 Nc6 3.Bb5 e6 4.Bxc6 dxc6 5.d3 e5 6.f4 exf4 7.Bxf4 Be6 8.Nf3 h6
9.O-O Nf6 10.Qe2 Be7 11.Rae1 O-O 12.Qf2 Rc8 13.h3 Nh5 14.Bc1 Nf6 15.b3 Qc7
16.Bb2 Kh7 17.Ne2 Rce8 18.Bxf6 Bxf6 19.Qxc5 b5 20.Ned4 Bxh3 21.gxh3 Qg3+
22.Kh1 Be5 23.Re2 Qxh3+ 24.Kg1 f6 25.Rg2 Rf7 26.Ne2 Qd7 27.Qf2 Bc7 28.Qh4 Bb6+
29.Kh1 Rfe7 30.Ng3 Be3 31.Nf5 Bg5 32.Nxg5+ fxg5 33.Rxg5 Rf7 34.Kg2  1-0

[Event "ECC"]
[Site "Rethymnon GRE"]
[Date "2003.10.02"]
[Round "5"]
[White "Salmensuu,O"]
[Black "Nedev,T"]
[Result "0-1"]
[WhiteElo "2410"]
[BlackElo "2480"]

1.e4 c5 2.Nc3 Nc6 3.Bb5 g6 4.Bxc6 bxc6 5.f4 Bg7 6.Nf3 Nh6 7.d3 f6 8.O-O Nf7
9.Qe1 O-O 10.Nh4 e5 11.f5 g5 12.Nf3 d5 13.Nd2 Nd6 14.b3 dxe4 15.dxe4 Nxf5
16.exf5 Qd4+ 17.Qf2 Qxc3 18.Ba3 Qxc2 19.Rac1 Qxa2 20.Bxc5 Rd8 21.Be3 Bb7
22.h4 h6 23.Rfd1 c5 24.Rxc5 Rac8 25.Rdc1 Rxc5 26.Rxc5 Rd7 27.hxg5 hxg5 28.Rc4 Qa1+
29.Kh2 Bf8 30.Ne4 Rh7+ 31.Kg3 Be7 32.Qd2 Rf7 33.Nf2 Rf8 34.Qc2 Qg1 35.Ng4 Qh1
36.Nxf6+ Rxf6 37.Bxg5 Qe1+ 38.Kh2 e4 39.Rd4 Rf7 40.Qc4 Qf2 41.f6 Qf5 42.Bh4 Qe5+
43.g3 Qc5 44.Qa4 Bc6 45.Qa1 Qc2+ 46.Kh3 Bd7+ 47.g4 Qxb3+ 48.Kh2  0-1

[Event "Tatry Open"]
[Site "Tatranske Zruby SVK"]
[Date "2003.10.02"]
[Round "7"]
[White "Krajnak,Ju"]
[Black "Hagarova,Z"]
[Result "1/2-1/2"]
[WhiteElo "2203"]
[BlackElo "2380"]

1.e4 c5 2.Nf3 Nc6 3.Nc3 g6 4.b3 Bg7 5.Bb2 Nf6 6.Nd5 O-O 7.Nxf6+ Bxf6 8.Bc3 d5
9.exd5 Qxd5 10.Bc4 Qd6 11.Bxf6 Qxf6 12.O-O Rd8 13.h3 b6 14.d3 a6 15.a4 Rb8
16.d4 b5 17.axb5 axb5 18.Bd3 Nxd4 19.Nxd4 Rxd4 20.Qe2 Qg5 21.Ra5 Bb7 22.f3 Bc6
23.Re1 Qg3 24.Qe5 Qxe5 25.Rxe5 c4 26.Bf1 cxb3 27.cxb3 Rb4 28.Rc5 Bd7 29.Rc3 Be6
30.Rc5 Rxb3 31.Raxb5 R8xb5 32.Bxb5 Rb1+ 33.Kf2 Rb2+ 34.Be2 h5 35.h4 Kg7 36.Rc7 Kf6
37.Rc5 Bf5 38.Ke3 e5 39.Rc6+ Be6 40.Rc5 Rb4 41.g3 Rb3+ 42.Kf2 Rb2 43.Ke3 Ra2
44.Kf2 Bb3 45.Ke3 Ke6 46.Rc6+ Ke7 47.Rc7+ Kd6 48.Rc3 Bd5 49.Rc1 f5 50.Rc3 f4+
51.gxf4 exf4+ 52.Kf2 Ke5 53.Rc8 Be6 54.Rc5+ Kd6 55.Rc1 Bf5 56.Rd1+ Ke5 57.Rd8 Rb2
58.Kf1 Rb1+ 59.Kg2 Rb6 60.Kf2 g5 61.hxg5 Rg6 62.Bd3 Bxd3 63.Rxd3 Rxg5 64.Rd8 Rf5
65.Re8+ Kf6 66.Rh8 Kg5 67.Rg8+ Kh4 68.Rg7 Ra5 69.Rg8 Ra2+ 70.Kf1  1/2-1/2

[Event "Osen II"]
[Site "Alushta UKR"]
[Date "2003.10.05"]
[Round "13"]
[White "Kovalev,A"]
[Black "Shtyrenkov,V"]
[Result "1/2-1/2"]
[WhiteElo "2554"]
[BlackElo "2514"]

1.e4 c5 2.Nf3 Nc6 3.Nc3 e5 4.Bc4 d6 5.d3 Be7 6.O-O Nf6 7.Ng5 O-O 8.f4 exf4
9.Bxf4 h6 10.Nf3 Be6 11.Nd5 Bxd5 12.Bxd5 Nxd5 13.exd5 Ne5 14.Qd2 Ng6 15.Bg3 Qd7
16.c4 Rae8 17.Rae1  1/2-1/2

[Event "Artic Cup u16"]
[Site "Salekhard RUS"]
[Date "2003.10.05"]
[Round "1"]
[White "Zolotukhin,V"]
[Black "Kuznetsov,Vi2"]
[Result "0-1"]
[WhiteElo "2117"]
[BlackElo "2367"]

1.e4 c5 2.Nf3 Nc6 3.Nc3 Nf6 4.Bb5 g6 5.Bxc6 dxc6 6.d3 Bg7 7.h3 Nd7 8.O-O Nf8
9.Ne2 e5 10.Nd2 Ne6 11.Nb3 O-O 12.Be3 Qe7 13.Qc1 Rd8 14.a4 a5 15.Bd2 b6 16.Bc3 Ba6
17.Qe3 c4 18.dxc4 Bxc4 19.Rfd1 c5 20.Nd2 Ba6 21.Nf3 Nd4 22.Bxd4 exd4 23.Qd2 Qxe4
24.Ng3 Qd5 25.Re1 Bb7 26.Qf4 Re8 27.Rad1 f5 28.Qc7 Qc6 29.Qxc6 Bxc6 30.b3 h6
31.Nd2 b5 32.axb5 Bxb5 33.Nc4 Bxc4 34.bxc4 a4 35.Rxe8+ Rxe8 36.Ra1 d3  0-1

[Event "zt 3.1a"]
[Site "Dubai UAE"]
[Date "2003.10.09"]
[Round "6"]
[White "Mahjoob,M"]
[Black "Mallahi,A"]
[Result "1-0"]
[WhiteElo "2408"]
[BlackElo "2382"]

1.e4 c5 2.Nc3 Nc6 3.Bb5 Nd4 4.Bc4 g6 5.Nf3 Bg7 6.Nxd4 cxd4 7.Qf3 e6 8.Nb5 d6
9.Qa3 Ke7 10.Qd3 Qb6 11.c3 d5 12.exd5 exd5 13.Bxd5 Bf5 14.Qc4 Rc8 15.Qb3 Nf6
16.Nxd4 Bd3 17.Qxb6 axb6 18.Bxb7 Rc7 19.Bf3 Re8 20.Kd1 Kd8 21.Re1 Ne4 22.Bxe4 Bxe4
23.d3 Bxg2 24.Bg5+ Kd7 25.Nc2 Be5 26.h4 f6 27.Be3 Kc6 28.a4 Ra8 29.Kd2 Kb7
30.Nd4 Rd7 31.b4 f5 32.f3 Rc8 33.a5 bxa5 34.Rxa5 Bxd4 35.Bxd4 Bxf3 36.Ra7+ Kc6
37.b5+ Kd6 38.Be5+ Ke7 39.Bf4+  1-0

[Event "Arctic Cup u16"]
[Site "Salekhard RUS"]
[Date "2003.10.09"]
[Round "6"]
[White "Lovkov,R"]
[Black "Kuznetsov,Vi2"]
[Result "0-1"]
[WhiteElo "2254"]
[BlackElo "2367"]

1.e4 c5 2.Nf3 Nc6 3.Nc3 e6 4.Bb5 Nge7 5.O-O a6 6.Bxc6 Nxc6 7.d4 cxd4 8.Nxd4 Qc7
9.Nxc6 bxc6 10.Qg4 g6 11.Bf4 e5 12.Bg5 Bg7 13.Qd1 d6 14.Qd2 O-O 15.Rad1 f6
16.Be3 Rd8 17.Nd5 Qf7 18.Nb6 Rb8 19.c4 Be6 20.b3 Bf8 21.Qa5 Qb7 22.Rd3 Be7
23.Qd2 f5 24.f3 f4 25.Bf2 g5 26.h3 h5 27.Na4 Bf8 28.Nc5 Qc8 29.Nxe6 Qxe6
30.Rd1 g4 31.hxg4 hxg4 32.fxg4 Qxg4 33.Kf1 Rb7 34.Qe2 Qg6 35.Qf3 Rg7 36.Re1 Re8
37.g3 fxg3 38.Qxg3 Re6 39.Qxg6 Rexg6 40.Ree3 Rg4 41.Ke1 Kf7 42.Re2 Ke6 43.Rh3 Be7
44.Kd2 Rf4 45.Kd3 Rg2 46.Be3 Rxe2 47.Kxe2 Rxe4 48.Kf3 Rh4 49.Rg3 Rh2 50.Rg8 Rxa2
51.Rc8 Kd7 52.Ra8 Ra3 53.Ra7+ Ke6 54.Rb7 a5 55.Bc1 Ra1 56.Be3 a4 57.bxa4 Rxa4
58.c5 dxc5 59.Rb6 Kd5 60.Rb1 e4+ 61.Kf4 Bd6+ 62.Kf5 Ra3 63.Re1 c4  0-1

[Event "Arctic Cup u16"]
[Site "Salekhard RUS"]
[Date "2003.10.09"]
[Round "6"]
[White "Potapov,P"]
[Black "Makarov,L"]
[Result "0-1"]
[WhiteElo "2267"]
[BlackElo "2036"]

1.e4 c5 2.Nf3 Nc6 3.Nc3 g6 4.d4 cxd4 5.Nxd4 Bg7 6.Be3 Nf6 7.Bc4 O-O 8.f3 Qb6
9.Rb1 Qb4 10.Nxc6 bxc6 11.Be2 d5 12.a3 Qa5 13.e5 Nd7 14.f4 e6 15.O-O c5 16.b4 cxb4
17.axb4 Qd8 18.Nb5 Ba6 19.Nxa7 Bxe2 20.Qxe2 Nb6 21.Nc6 Qc7 22.b5 Nc4 23.Bc5 Rfe8
24.Ra1 g5 25.g3 h6 26.Kh1 Qb7 27.Rxa8 Rxa8 28.Rb1 Qc7 29.Rf1 Qb7 30.fxg5 Qxb5
31.gxh6 Qxc6 32.Qg4 d4+ 33.Kg1 Qg2+ 34.Kxg2 Ne3+ 35.Kh3 Nxg4 36.hxg7 Ne3
37.Rf2 Kxg7 38.Bxd4 Rh8+  0-1